|
|
|
|
| LEADER |
00000nam a2200000 a 4500 |
| 001 |
vtls001257164 |
| 003 |
SK-MaSNL |
| 005 |
20260301112937.0 |
| 008 |
250414s1983 xo 0 slo |
| 035 |
|
|
|a SNK000208001
|
| 040 |
|
|
|a SNK
|b slo
|c SNK
|e AACR2
|
| 041 |
0 |
|
|a slo
|
| 044 |
|
|
|a xo
|c SK
|
| 080 |
|
|
|a 781.2
|2 1981
|
| 100 |
1 |
|
|a Dobo, Andrej
|4 aut
|9 454419
|
| 245 |
1 |
0 |
|a Abeceda začínajúceho hudobníka
|h Hudobnina
|b Základy hudobnej náuky pre kurzy diaľkového školenia
|c Andrej Dobo ; Ondrej Dobo
|
| 250 |
|
|
|a /2., vyd./
|
| 260 |
|
|
|a Bratislava
|b Osvetový ústav [vyd.]
|c 1983
|
| 300 |
|
|
|a 75 s.
|b Noty. Sch.
|c 28,5 cm
|
| 366 |
|
|
|e 600 výtl.
|
| 490 |
1 |
|
|a Záujmová umelecká činnosť
|
| 500 |
|
|
|a Hudobnina. Nepredajné.
|
| 650 |
0 |
7 |
|a hudobná náuka
|2 SNKPH
|9 4343
|
| 655 |
|
7 |
|a učebnice
|2 SNKPH
|9 22521
|
| 700 |
1 |
|
|a Dobo, Ondrej
|4 aut
|9 373003
|
| 830 |
|
0 |
|a Záujmová umelecká činnosť
|9 277790
|
| 852 |
|
|
|a Slovenská národná knižnica
|
| 954 |
|
|
|a hudba
|a náuka hudobná
|
| 958 |
|
|
|a OND
|
| 999 |
|
|
|c 712014
|d 713944
|
| 952 |
|
|
|a SNK
|b SNK
|y PREZ
|7 0
|p 17A0771801
|o snkSB 37381
|0 0
|1 0
|4 0
|d 2012-04-03
|f 1
|l 0
|r 2025-04-16 00:00:00
|w 2026-02-23
|
| 952 |
|
|
|t P60, <04>, [BOOK], {604}
|a SNK
|b SNK
|y VYP
|7 0
|p 17A0210923
|o snkSB 37381 D1
|0 0
|1 0
|4 0
|d 1999-09-08
|l 0
|r 2005-01-01 00:00:00
|w 2026-02-23
|